Thực trạng phát triển công nghiệp hậu cần Hàn Quốc và vai trò của giao thông vận tải /

Zapisane w:
Opis bibliograficzny
1. autor: Pham Thị Thanh Bình, PGS.TS.
Kolejni autorzy: Nhan Cẩm Trí.
Format: Artykuł
Język:Vietnamese
Hasła przedmiotowe:
Etykiety: Dodaj etykietę
Nie ma etykietki, Dołącz pierwszą etykiete!
Thư viện lưu trữ: Thư viện Trường Đại học Đà Lạt
LEADER 00897nam a2200277 4500
001 DLU140164100
005 ##20140915
040 # # |a DLU  |b vie 
041 # # |a vie 
044 # # |a vn 
100 # # |a Pham Thị Thanh Bình,   |c PGS.TS. 
245 # # |a Thực trạng phát triển công nghiệp hậu cần Hàn Quốc và vai trò của giao thông vận tải /  |c Pham Thị Thanh Bình, Nhan Cẩm Trí.. 
653 # # |a Giao thông vận tải 
653 # # |a Hàn Quốc 
653 # # |a Hậu cần 
700 # # |a Nhan Cẩm Trí. 
773 # # |t Tạp chí Nghiên cứu Đông Bắc Á  |g Số 1(131), 2012, tr.33-41 
920 # # |a Phòng Tạp chí -- Trung tâm Thông tin - Thư viện Trường Đại học Đà Lạt 
994 # # |a DLU 
900 # # |a True 
911 # # |a Trần Thị Minh Hương 
925 # # |a G 
926 # # |a A 
927 # # |a BB 
980 # # |a Thư viện Trường Đại học Đà Lạt